Glosario Walter Benjamin : conceptos y figuras /

Сохранить в:
Библиографические подробности
Главный автор: Cohen, Esther (edición)
Формат:
Язык:испанский
Опубликовано: México : UNAM, Instituto de Investigaciones Filológicas, 2016, c2016
Серии:(Ediciones Especiales UNAM ; 86)
Предметы:
Метки: Добавить метку
Нет меток, Требуется 1-ая метка записи!

MARC

LEADER 00000nam^a2200000^a^4500
001 000399914
005 20250521000000.0
009 20260310121604.083
020 |a 978-607-02-8323-9 
037 |a Acervo ITESO - Biblioteca 
041 |a ESP 
082 |a 146. 33  |b BEN EST COH 
100 |a Cohen, Esther  |e (edición) 
245 1 0 |a Glosario Walter Benjamin :  |b conceptos y figuras /  |c Ed. y presen. de E. Cohen. 
264 4 |a México :  |b UNAM, Instituto de Investigaciones Filológicas,  |c 2016, c2016 
300 |a 318 p. 
336 |a texto  |b txt  |2 rdacontenido 
337 |a sin mediación  |b n  |2 rdamedio 
338 |a volumen  |b nc  |2 rdasoporte 
440 1 |a (Ediciones Especiales UNAM ;  |v 86) 
521 |a FIL 2017 EEnlace Departamento de Estudios Socioculturales 
649 |a XX 
650 |a Filósofos Alemanes -  |x Glosarios, Vocabularios, etc. 
650 |a Escuela de Frankfurt -  |x Historia y Crítica -  |x Tema Principal 
650 |a Marxismo -  |z Alemania -  |x Historia y Crítica 
650 |a Filosofía del Siglo XX -  |z Alemania -  |x Historia y Crítica 
650 |a Filosofía Alemana -  |x Historia y Crítica 
650 |a Glosarios, Vocabularios, etc. 
650 |a Benjamin, Walter -  |x Tema Principal 
910 |a Fondo General 
920 |a Impresos - Libros 
930 |a Colección General 
905 |a 101 
901 |a 0500295220  |b IT1  |c ACC  |i c157733  |u 20250521 
902 |a https://opac.biblio.iteso.mx/vufind/Record/000399914